<?xml version="1.0" encoding="UTF-8"?>
<marc:record xmlns:marc="http://www.loc.gov/MARC21/slim">
   <marc:leader>00000nam a2200000 a 4500</marc:leader>
   <marc:datafield ind1="1" ind2=" " tag="100">
      <marc:subfield code="a">Erhart, Susanne</marc:subfield>
      <marc:subfield code="4">aut</marc:subfield>
      <marc:subfield code="e">Verfasser/-in</marc:subfield>
   </marc:datafield>
   <marc:datafield ind1="1" ind2=" " tag="100">
      <marc:subfield code="a">Tschepp, Christian</marc:subfield>
      <marc:subfield code="4">aut</marc:subfield>
      <marc:subfield code="e">Verfasser/-in</marc:subfield>
   </marc:datafield>
   <marc:datafield ind1=" " ind2=" " tag="653">
      <marc:subfield code="a">Sinnesorgane</marc:subfield>
   </marc:datafield>
   <marc:datafield ind1=" " ind2=" " tag="653">
      <marc:subfield code="a">Sinne</marc:subfield>
   </marc:datafield>
   <marc:datafield ind1=" " ind2=" " tag="653">
      <marc:subfield code="a">Körper</marc:subfield>
   </marc:datafield>
   <marc:datafield ind1="0" ind2="0" tag="245">
      <marc:subfield code="a">Das macht Sinn!</marc:subfield>
   </marc:datafield>
   <marc:datafield ind1="0" ind2="0" tag="245">
      <marc:subfield code="b">das Erlebnis-Lern-Spiel-Buch über unsere 5 Sinne und wie sie sich im Alter verändern!</marc:subfield>
   </marc:datafield>
   <marc:datafield ind1="0" ind2="0" tag="245">
      <marc:subfield code="c">Susanne Erhart ; Christian Tschepp</marc:subfield>
   </marc:datafield>
   <marc:datafield ind1=" " ind2="1" tag="264">
      <marc:subfield code="a">Paderborn</marc:subfield>
      <marc:subfield code="b">Junfermann</marc:subfield>
      <marc:subfield code="c">2004</marc:subfield>
   </marc:datafield>
   <marc:datafield ind1="1" ind2=" " tag="520">
      <marc:subfield code="a">Ein "Erlebnis-Lern-Spiel-Buch" über die fünf Sinne für alle Sinne. Wir merken uns etwa 10 % von dem, was wir hören, 30 % von dem, was wir sehen, 50 % von dem, was wir hören und sehen, 70 % von dem, was wir selber sagen, und 90 % von dem, was wir selber tun. Deshalb gibt es in diesem Buch viel zu tun. Durch die einzelnen Kapitel führt jeweils ein "roter Faden". Fragen, die neugierig machen, Text- und Bildinformationen dazu, interessante Nebenthemen und ein Quiz vermitteln Grundwissen über die fünf Sinne. Mit dem "Wahn-Sinn" (Sprichwörter, Redewendungen etc.) schließt jedes Kapitel. Schwierige Begriffe werden in einem eigenen "Lexikon" erklärt, Experimente und diverse interessante Zusatzinfos ergänzen jede Doppelseite. Diese sind übersichtlich, grafisch gut gestaltet und machen neugierig!</marc:subfield>
   </marc:datafield>
   <marc:datafield ind1=" " ind2=" " tag="020">
      <marc:subfield code="a">3873875594</marc:subfield>
      <marc:subfield code="9">3873875594</marc:subfield>
   </marc:datafield>
   <marc:datafield ind1=" " ind2=" " tag="300">
      <marc:subfield code="a">95 S. : Ill., graph. Darst. (farb.)</marc:subfield>
   </marc:datafield>
</marc:record>
